00375nam a2200133Ia 4500008004100000041000800041082002500049100001300074245004000087250001100127260005000138300001300188650004000201260417s2023 xx 000 0 und d aeng a612.015/RAJbDI-1360 aV.N.RAJE aBIOCHEMISTRY AND CLINICAL PATHOLOGY a4TH ed aPUNEb2023bCBS PUB AND DISTRI BUTERS PVT LTD aP.B.153p aBIOCHEMISTRY AND CLINICAL PATHOLOGY